Matematyka #3 (Wzory brył) - Statystyki

Ogólne statystyki
  • Ten quiz został rozwiązany 27 razy
  • Średni wynik to 2 z 7
Statystyki odpowiedzi
Bryła Wzór % Poprawnych
Objętość Sześcian a*a*a
88%
Pole całkowite Sześcian 6*a*a
59%
Objętość Prostopadłościan a*b*c
53%
Objętość Graniastosłup Pp*H
24%
Pole całkowite Graniastosłup 2*Pp+Pb
12%
Pole całkowite Prostopadłościan 2*a*b+2*b*c+2*a*c
6%
Pole całkowite Ostrosłup Pp+Pb
6%
Nie znaleziono quizów pasujących do podanych kryteriów
Rozkład punktacji
Procent ludzi z każdym wynikiem
Percentyl według liczby udzielonych odpowiedzi
Twoja historia wyników
Nie rozwiązałeś tego quizu